000
00268nam a2200109Ia 4500
008
190914s9999||||xx |||||||||||||| ||und||
100
_a
A.H. Kardar
245
0
_a
Pakistan's Soldiers of Fortune
260
_a
New Jersey
_b
Prentice Hall
_c
2003
300
_a
146
942
_c
BK
999
_c
9397
_d
9397